The Holy Bible: The Holy Bible, New International Version: (Record no. 6855)

MARC details
000 -LEADER
fixed length control field 00539nam a22001697a 4500
003 - CONTROL NUMBER IDENTIFIER
control field GBCCL
005 - DATE AND TIME OF LATEST TRANSACTION
control field 20251127145310.0
008 - FIXED-LENGTH DATA ELEMENTS--GENERAL INFORMATION
fixed length control field 180629b ||||| |||| 00| 0 eng d
040 ## - CATALOGING SOURCE
Transcribing agency gbc
082 ## - DEWEY DECIMAL CLASSIFICATION NUMBER
Classification number 220.52081
Item number BIB
245 ## - TITLE STATEMENT
Title The Holy Bible: The Holy Bible, New International Version:
Remainder of title Containing the Old Testament and the New Testament
250 ## - EDITION STATEMENT
Edition statement New International Version
260 ## - PUBLICATION, DISTRIBUTION, ETC.
Place of publication, distribution, etc. New Jersey:
Name of publisher, distributor, etc. International Bible Society,
Date of publication, distribution, etc. 1978
300 ## - PHYSICAL DESCRIPTION
Extent xi, 1341 p.;
Dimensions 20 cm.
650 ## - SUBJECT ADDED ENTRY--TOPICAL TERM
Topical term or geographic name entry element Bible
General subdivision English
9 (RLIN) 12272
942 ## - ADDED ENTRY ELEMENTS (KOHA)
Source of classification or shelving scheme Dewey Decimal Classification
Koha item type Reference Books
Holdings
Withdrawn status Lost status Source of classification or shelving scheme Damaged status Not for loan Home library Current Library Shelving location Date acquired Total checkouts Full call number Barcode Date last seen Copy number Price effective from Koha item type
    Dewey Decimal Classification     GRACE BIBLE COLLEGE GRACE BIBLE COLLEGE Bible 2018-06-29   220.52081 BIB 004630 2025-05-01 c.1 2018-06-29 Reference Books
© Grace Bible College Library 2025